| 000 | 00374nam a2200121Ia 4500 | ||
|---|---|---|---|
| 008 | 170221s9999 xx 000 0 und d | ||
| 100 | _aCiorstan Smark | ||
| 245 | _aEditorial: AABFJ Volume 10, Issue 3, 2017 | ||
| 245 | _cCiorstan Smark and Monir Mir | ||
| 260 | _c2014 | ||
| 650 | _xBusiness | ||
| 856 | _uhttp://ro.uow.edu.au/cgi/viewcontent.cgi?article=1703&context=aabfj | ||
| 999 |
_c309487 _d309487 |
||